<?xml version="1.0" encoding="UTF-8"?><?xml-stylesheet type="text/xsl" href="static/style.xsl"?><OAI-PMH xmlns="http://www.openarchives.org/OAI/2.0/" xmlns:xsi="http://www.w3.org/2001/XMLSchema-instance" xsi:schemaLocation="http://www.openarchives.org/OAI/2.0/ http://www.openarchives.org/OAI/2.0/OAI-PMH.xsd"><responseDate>2026-04-27T22:00:47Z</responseDate><request verb="GetRecord" identifier="oai:uvadoc.uva.es:10324/76170" metadataPrefix="marc">https://uvadoc.uva.es/oai/request</request><GetRecord><record><header><identifier>oai:uvadoc.uva.es:10324/76170</identifier><datestamp>2025-07-07T07:59:17Z</datestamp><setSpec>com_10324_1689</setSpec><setSpec>com_10324_954</setSpec><setSpec>com_10324_894</setSpec><setSpec>col_10324_1690</setSpec></header><metadata><record xmlns="http://www.loc.gov/MARC21/slim" xmlns:doc="http://www.lyncode.com/xoai" xmlns:xsi="http://www.w3.org/2001/XMLSchema-instance" xmlns:dcterms="http://purl.org/dc/terms/" xsi:schemaLocation="http://www.loc.gov/MARC21/slim http://www.loc.gov/standards/marcxml/schema/MARC21slim.xsd">
<leader>00925njm 22002777a 4500</leader>
<datafield tag="042" ind1=" " ind2=" ">
<subfield code="a">dc</subfield>
</datafield>
<datafield tag="720" ind1=" " ind2=" ">
<subfield code="a">Boukharta -, Ouiam Fatiha</subfield>
<subfield code="e">author</subfield>
</datafield>
<datafield tag="720" ind1=" " ind2=" ">
<subfield code="a">Sauvée, Loïc</subfield>
<subfield code="e">author</subfield>
</datafield>
<datafield tag="720" ind1=" " ind2=" ">
<subfield code="a">Pena Fabri, Fabiana</subfield>
<subfield code="e">author</subfield>
</datafield>
<datafield tag="720" ind1=" " ind2=" ">
<subfield code="a">Chico Santamarta, Leticia</subfield>
<subfield code="e">author</subfield>
</datafield>
<datafield tag="720" ind1=" " ind2=" ">
<subfield code="a">Navas Gracia, Luis Manuel</subfield>
<subfield code="e">author</subfield>
</datafield>
<datafield tag="260" ind1=" " ind2=" ">
<subfield code="c">2025</subfield>
</datafield>
<datafield tag="520" ind1=" " ind2=" ">
<subfield code="a">Urban agriculture, defined as a system of growing, processing and distributing food in cities, is currently&#xd;
emerging as a sustainable solution for ensuring food autonomy and resilience, particularly with rapid population&#xd;
growth and urbanization. This article aims to explore a multi-level governance system, through the hypothesis&#xd;
that two levels of governance (Metropolis and City of Rouen - France) effectively complement each other in the&#xd;
domain of urban agriculture, using institutional consultation mechanisms, such as coordination committees and&#xd;
regular meetings with project leaders, while monitoring urban agricultural projects, coordinating initiatives,&#xd;
specifying responsibilities and resolving disagreements. A total of 19 semi-structured interviews were conducted,&#xd;
to gain a better understanding of their actual achievements and future goals. The results show that many sim-&#xd;
ilarities exist relating to social aspects and education, consumption of fresh products and the desire to ensure the&#xd;
long-term viability of urban projects. However, many differences were highlighted, such as the selection of urban&#xd;
agricultural projects, where the metropolis is less strict than the city in terms of plot size and soil analysis re-&#xd;
quirements. This paper is recommended as a basis for future research to maximize the implementation these&#xd;
projects, toward more sustainable cities, and eventually in other institutional contexts.</subfield>
</datafield>
<datafield tag="024" ind2=" " ind1="8">
<subfield code="a">Cities, 2025, vol. 163, p. 106019</subfield>
</datafield>
<datafield tag="024" ind2=" " ind1="8">
<subfield code="a">0264-2751</subfield>
</datafield>
<datafield tag="024" ind2=" " ind1="8">
<subfield code="a">https://uvadoc.uva.es/handle/10324/76170</subfield>
</datafield>
<datafield tag="024" ind2=" " ind1="8">
<subfield code="a">10.1016/j.cities.2025.106019</subfield>
</datafield>
<datafield tag="024" ind2=" " ind1="8">
<subfield code="a">106019</subfield>
</datafield>
<datafield tag="024" ind2=" " ind1="8">
<subfield code="a">Cities</subfield>
</datafield>
<datafield tag="024" ind2=" " ind1="8">
<subfield code="a">163</subfield>
</datafield>
<datafield tag="245" ind1="0" ind2="0">
<subfield code="a">Disentangling metropolis-city relationships in the governance of sustainability transitions: An in-depth exploration of the case of Rouen, France</subfield>
</datafield>
</record></metadata></record></GetRecord></OAI-PMH>